00373nam a2200145Ia 4500008004100000020001500041041001200056082001900068100001400087245005100101250000800152260003900160300000900199650001900208221030s9999 xx 000 0 und d a9971512831 aEnglish a105.23b491.65 aF. F. Kuo 0aAdvanced Engineering Mathematicscby F. F. Kuo a8th bJohn Willey & SonsaNew Yorkc1999 a1156 aBE Mathematics